El entrenador de voleibol

Saved in:
Bibliografiske detaljer
Main Authors: Drauschke, Klaus (Author), Kröger, Christian (Author), Schulz, Arnold (Author), Utz, Manfred (Author)
Format: Bog
Sprog:spansk
Udgivet: Barcelona Paidotribo 1994
Serier:Colección Deporte y Entrenamiento
Fag:
Tags: Tilføj Tag
Ingen Tags, Vær først til at tagge denne postø!

MARC

LEADER 00000nam a2200000 a 4500
001 UCZ4028
003 CL-VaPUC
008 951106e19940000SP |||||||||||||||||spa|d
082 0 4 |a 796.325  |b DRA  |2 21 
100 |a Drauschke, Klaus  |e author  |9 552557 
700 0 |a Kröger, Christian  |e author  |9 347898 
700 0 |a Schulz, Arnold  |e author  |9 347899 
700 0 |a Utz, Manfred  |e author  |9 347900 
245 1 3 |a El entrenador de voleibol 
300 |a 182 p 
942 |c BK 
945 |d 19951106 00:00:00  |a rbrito 
260 |a Barcelona  |b Paidotribo  |c 1994 
650 0 |a Voleibol  |9 307522 
650 7 |a ENTRENADORES DEPORTIVOS  |2 CL-VaPUC  |9 347901 
583 |a last modification  |c 19951106 00:00:00  |k Rodrigo Vera 
490 0 |a Colección Deporte y Entrenamiento 
999 |c 240466  |d 240464 
952 |0 0  |1 0  |4 0  |6 796_325000000000000_DRA_1994  |7 0  |8 A  |9 252349  |a BIBEDU  |b BIBEDU  |d 2019-11-18  |i 3145808  |o 796.325 DRA 1994  |p 3145808  |r 2023-08-09  |w 2019-11-18  |y BK  |k EFI 
952 |0 0  |1 0  |4 0  |6 796_325000000000000_DRA_1994  |7 0  |8 A  |9 252350  |a BIBEDU  |b BIBEDU  |d 2019-11-18  |i 3313182  |l 1  |o 796.325 DRA 1994  |p 3313182  |r 2023-10-19  |s 2023-10-19  |w 2019-11-18  |y BK  |k EFI